000 00921nam a2200253Ia 4500
003 OSt
005 20220930063810.0
006 a|||||r|||| 00| 0
007 ta
008 220926b |||||||| |||| 00| 0 eng d
024 _a3317
037 _cTheses
040 _aCRL
_cCRL
_beng
041 _2eng
_aeng
100 _aBrar Simrat
_9523535
110 _aUniversity of Delhi. Faculty of Medical Science. Department of Obstetrics and Gynaecology
_9520246
245 0 _aComparative study of foetal haemoglobin and foetal maturity and its relationship to the length of gestation and birth weight
260 _c1977
650 _aWOMEN - DISEASES
700 _a Dr Y Pinto-do-Rasario Supervisor
_9520329
700 _aUniversity of Delhi. Faculty of Medical Science. Department of Obstetrics and Gynaecology
_9520248
942 _cDIS
_2CC
999 _c857318
_d857318